[Event "Hastings op 8889"]
[Site "Hastings"]
[Date "1988.??.??"]
[Round "?"]
[White "Akhsharumova, Anna M"]
[Black "Britton, Richard"]
[Result "1-0"]
[WhiteElo "2385"]
[BlackElo "2260"]
[PlyCount "75"]
[EventDate "1988.12.??"]
[EventType "swiss"]
[EventRounds "10"]
[EventCountry "ENG"]
[SourceTitle "EXT 1997"]
[Source "ChessBase"]
[SourceDate "1996.11.15"]
[SourceVersion "1"]
[SourceVersionDate "1996.11.15"]
[SourceQuality "1"]

1. d4 Nf6 2. c4 g6 3. Nc3 Bg7 4. e4 d6 5. f3 e5 6. Nge2 0-0 7. Bg5 Nbd7 8. Qd2 a6 9. d5 Qe8 10. g4 Nc5 11. Ng3 Na4 12. Be2 Nxc3 13. Qxc3 h6 14. Be3 Kh7 15. Qd2 Ng8 16. c5 Qe7 17. cxd6 cxd6 18. h4 Bd7 19. 0-0-0 Ba4 20. Rdg1 a5 21. Kb1 Rfc8 22. Bd3 Bf8 23. Bb6 Qd7 24. Bxa5 Bb5 25. Bb4 Ra4 26. a3 Be7 27. Ne2 Bxd3+ 28. Qxd3 Ra6 29. g5 h5 30. Rf1 f6 31. f4 exf4 32. Rxf4 Rf8 33. Rhf1 Qe8 34. Bc3 Rf7 35. Nd4 Bd8 36. Ne6 Ba5 37. gxf6 Bxc3 38. Qxc3 1-0

[Event "Saint John op-1"]
[Site "Saint John"]
[Date "1988.??.??"]
[Round "?"]
[White "Akhsharumova, Anna M"]
[Black "Ermenkov, Evgenij"]
[Result "0-1"]
[WhiteElo "2385"]
[BlackElo "2480"]
[PlyCount "116"]
[EventDate "1988.01.24"]
[EventType "swiss"]
[EventRounds "9"]
[EventCountry "CAN"]
[SourceTitle "CBM 006"]
[Source "ChessBase"]
[SourceDate "1988.10.01"]
[SourceVersion "1"]
[SourceVersionDate "1988.10.01"]
[SourceQuality "1"]

1. d4 d6 2. c4 e5 3. dxe5 dxe5 4. Qxd8+ Kxd8 5. Nc3 Be6 6. e3 c6 7. Nf3 f6 8. Be2 Nd7 9. Bd2 a5 10. b3 Ba3 11. 0-0 Nh6 12. Ne1 Kc7 13. Nc2 Be7 14. Na4 Nf7 15. a3 Rhd8 16. Rfc1 Bf5 17. Bc3 Ng5 18. f3 Nc5 19. Nxc5 Bxc5 20. Kf2 Ne6 21. Ne1 Bg6 22. b4 Be7 23. g3 axb4 24. axb4 b6 25. Ng2 Kb7 26. Ne1 Nc7 27. Ng2 Bf7 28. g4 Rxa1 29. Rxa1 b5 30. cxb5 Nxb5 31. Be1 g6 32. Kf1 Be6 33. Kf2 f5 34. gxf5 gxf5 35. f4 e4 36. Kf1 Nc7 37. Ra5 Nd5 38. Bc4 Bg8 39. Ra1 Nxb4 40. Bxg8 Rxg8 41. Bxb4 Bxb4 42. Rb1 c5 43. Nh4 Rf8 44. Kf2 Kc6 45. Ke2 Kd5 46. Rg1 c4 47. Rg5 Ke6 48. Rh5 c3 49. Kd1 Rd8+ 50. Kc1 Rd2 51. Rh6+ Kd5 52. Ra6 Rxh2 53. Nxf5 Bc5 54. Ra4 h5 55. Nd4 h4 56. Ra8 h3 57. Rh8 Kc4 58. f5 Kd3 0-1

[Event "Saint John op-1"]
[Site "Saint John"]
[Date "1988.??.??"]
[Round "?"]
[White "Akhsharumova, Anna M"]
[Black "Ivanov, Igor Vasilievich"]
[Result "1-0"]
[WhiteElo "2385"]
[BlackElo "2505"]
[PlyCount "71"]
[EventDate "1988.01.24"]
[EventType "swiss"]
[EventRounds "9"]
[EventCountry "CAN"]
[SourceTitle "CBM 006"]
[Source "ChessBase"]
[SourceDate "1988.10.01"]
[SourceVersion "1"]
[SourceVersionDate "1988.10.01"]
[SourceQuality "1"]

1. d4 Nf6 2. c4 d6 3. Nc3 g6 4. e4 Bg7 5. f3 0-0 6. Nge2 c5 7. d5 a6 8. a4 e5 9. Bg5 h6 10. Be3 Nh7 11. h4 f5 12. h5 Qe8 13. hxg6 Qxg6 14. Qc2 Ng5 15. Bf2 fxe4 16. Ng3 Nd7 17. Ncxe4 Nf6 18. Nxf6+ Qxf6 19. Nh5 Qf7 20. Nxg7 Kxg7 21. Bd3 Bf5 22. Be3 Qg6 23. Bxf5 Rxf5 24. a5 e4 25. f4 Nh7 26. g4 Rf6 27. f5 Qe8 28. Qd2 Qe5 29. Bxh6+ Kh8 30. Ra3 Rg8 31. Rah3 Rxg4 32. Bf4 Qxf5 33. Rxh7+ Qxh7 34. Rxh7+ Kxh7 35. Qh2+ Kg6 36. Bxd6 1-0

[Event "Hastings op 8889"]
[Site "Hastings"]
[Date "1988.??.??"]
[Round "?"]
[White "Akhsharumova, Anna M"]
[Black "Upton, Ian J"]
[Result "1-0"]
[WhiteElo "2385"]
[BlackElo "2250"]
[PlyCount "73"]
[EventDate "1988.12.??"]
[EventType "swiss"]
[EventRounds "10"]
[EventCountry "ENG"]
[SourceTitle "EXT 1997"]
[Source "ChessBase"]
[SourceDate "1996.11.15"]
[SourceVersion "1"]
[SourceVersionDate "1996.11.15"]
[SourceQuality "1"]

1. d4 Nf6 2. c4 e5 3. dxe5 Ng4 4. Bf4 Nc6 5. Nf3 Bb4+ 6. Nbd2 Qe7 7. e3 Ngxe5 8. Nxe5 Nxe5 9. Be2 b6 10. a3 Bxd2+ 11. Qxd2 d6 12. 0-0 Bb7 13. b4 0-0 14. Rfd1 a5 15. c5 dxc5 16. bxc5 Ng6 17. Bg3 bxc5 18. Qd7 Qg5 19. Qxc7 Be4 20. Bc4 h5 21. Rd7 h4 22. Rxf7 Rxf7 23. Bxf7+ Kh8 24. Bxg6 Qxg6 25. f3 hxg3 26. fxe4 Qxe4 27. Qxc5 gxh2+ 28. Kxh2 Rd8 29. Rc1 Rd5 30. Qc8+ Kh7 31. Qh3+ Kg6 32. Rc6+ Kf7 33. Rc7+ Kg6 34. Qg3+ Rg5 35. Rxg7+ Kxg7 36. Qxg5+ Kh7 37. Qxa5 1-0

[Event "US Open-89"]
[Site "Boston"]
[Date "1988.??.??"]
[Round "?"]
[White "Reyes, Romuel"]
[Black "Akhsharumova, Anna M"]
[Result "1/2-1/2"]
[WhiteElo "2320"]
[BlackElo "2385"]
[PlyCount "105"]
[EventDate "1988.08.07"]
[EventType "swiss"]
[EventRounds "12"]
[EventCountry "USA"]
[SourceTitle "EXT 2000"]
[Source "ChessBase"]
[SourceDate "1999.11.16"]
[SourceVersion "1"]
[SourceVersionDate "1999.11.16"]
[SourceQuality "1"]

1. e4 e6 2. d4 d5 3. e5 c5 4. c3 Nc6 5. Nf3 Bd7 6. a3 c4 7. g3 Nge7 8. Bh3 Nc8 9. 0-0 Nb6 10. Be3 Na5 11. Nbd2 Ba4 12. Qe2 Qd7 13. Ne1 0-0-0 14. f4 g6 15. Ndf3 Kb8 16. Ng2 Be7 17. Rf2 h6 18. Kh1 Qb5 19. Bg4 Nc6 20. Ng1 Nd7 21. Re1 Rde8 22. Bc1 Na5 23. Ne3 Nb3 24. Bf3 Qa5 25. Bg2 Bc6 26. Nf3 Nb6 27. g4 h5 28. Ng5 hxg4 29. Nxg4 Nxc1 30. Rxc1 Ref8 31. Qe3 Nd7 32. Rf3 Rh4 33. Rg3 Qb6 34. Qd2 Qd8 35. Rf1 Rh5 36. Nf2 Nb6 37. Bf3 Rhh8 38. Rh3 Rxh3 39. Nfxh3 Bd7 40. Bg4 Na4 41. Kg2 Qb6 42. Rf2 Qb3 43. Bd1 Qa2 44. Nh7 Rh8 45. N7g5 Rc8 46. Qc1 Nxb2 47. Qxb2 Qxb2 48. Rxb2 Bxa3 49. Ra2 Be7 50. Nf2 b5 51. Ng4 Kb7 52. Nf6 Bc6 53. Nfh7 1/2-1/2